Los cuartetos de Beethoven su historia y análisis

Uloženo v:
Podrobná bibliografie
Hlavní autor: Guardia, Ernesto de la (Autor)
Médium: Kniha
Jazyk:španělština
Vydáno: Buenos Aires Ricordi Americana 1952
Témata:
Tagy: Přidat tag
Žádné tagy, Buďte první, kdo vytvoří štítek k tomuto záznamu!

MARC

LEADER 00000nam a2200000 a 4500
001 UCN3189
003 CL-VaPUC
005 20240628151638.0
008 010622e19520000AG |||||||||||||||||spa|d
999 |c 296114  |d 296112 
040 |c Pontificia Universidad Católica de Valparaíso 
082 0 4 |a 785.14092  |b GUA  |2 21 
100 |a Guardia, Ernesto de la  |e author  |9 459795 
245 1 4 |a Los cuartetos de Beethoven su historia y análisis 
260 |a Buenos Aires  |b Ricordi Americana  |c 1952 
300 |a 245 p 
583 |a last modification  |c 20010622 00:00:00  |k Rodrigo Vera 
600 0 |a Beethoven, Ludwig van  |d 1770​-1827  |e compositor  |9 306286 
650 0 |a Música de cámara  |9 306547 
650 0 |a Cuartetos  |9 459601 
650 0 |a Historia de la música  |2 CL-VaPUC  |9 306741 
650 0 |a Análisis musical  |9 267228 
942 |c BK  |2 ddc 
945 |d 20010622 00:00:00  |a crobeson 
952 |0 0  |1 0  |4 0  |6 785_140920000000000_GUA_1952  |7 0  |8 A  |9 349725  |a BIBEDU  |b BIBEDU  |d 2019-11-20  |i 1234412  |o 785.14092 GUA 1952  |p 1234412  |r 2023-01-12  |w 2019-11-20  |y BK  |k MUS